000 00282nam a22001337a 4500
008 181204b xxu||||| |||| 00| 0 eng d
020 _a9781883601126
041 _aeng
080 _a004
100 _a35
101 _ashk
245 _aLinux Bible
_cRobert.P
942 _2udc
_cBK
999 _c52817
_d52817